| 000 | 00610nam a22001937a 4500 | ||
|---|---|---|---|
| 005 | 20251108170527.0 | ||
| 008 | 250721s2001 xx 000 0 ara d | ||
| 082 | 1 | 4 | _a922.6/شاف |
| 100 | 1 | _aالشافعي، أبو عبد الله محمد بن أحمد الذهبي | |
| 245 | 1 | 0 | _aالإمامان أبو يوسف و محمد بن الحسن / |
| 264 | 1 |
_aعمان : _c2001. |
|
| 300 | _a79ص | ||
| 650 | 1 | 7 | _aالإسلام |
| 650 | 1 | 7 | _aالتراجم |
| 650 | 1 | 7 | _aالفقهاء المسلمون |
| 700 | 1 |
_aالقضاه، محمد طعمه _eتحقيق |
|
| 942 |
_2ddc _cBK |
||
| 999 |
_c42693 _d42693 |
||